Professional ethics in the South African construction industry (Record no. 78643)

MARC details
000 -LEADER
fixed length control field 01149cab a22002535a 4500
001 - CONTROL NUMBER
control field L137515
008 - FIXED-LENGTH DATA ELEMENTS--GENERAL INFORMATION
fixed length control field 070412e2005 xxk 000 0 eng d
020 ## - INTERNATIONAL STANDARD BOOK NUMBER
International Standard Book Number 1741071011
035 ## - SYSTEM CONTROL NUMBER
System control number (Sirsi) u137515
041 0# - LANGUAGE CODE
Language code of text/sound track or separate title eng
100 1# - MAIN ENTRY--PERSONAL NAME
Personal name Pearl, Robert
245 00 - TITLE STATEMENT
Title Professional ethics in the South African construction industry
Remainder of title a pilot study
Medium [electronic resource]
260 ## - PUBLICATION, DISTRIBUTION, ETC.
Place of publication, distribution, etc. Brisbane
Name of publisher, distributor, etc. Queensland University of Technology
Date of publication, distribution, etc. 2005
490 ## - SERIES STATEMENT
Series statement COBRA
Volume/sequential designation 2005
520 ## - SUMMARY, ETC.
Summary, etc. Reports the results of a pilot survey of the opinions of architects, quantity surveyors, engineers and contractors regarding professional ethics within the South African construction industry, particularly with regard to issues of collusion, bribery, negligence, fraud and dishonesty, and unfair practices.
651 #4 - SUBJECT ADDED ENTRY--GEOGRAPHIC NAME
Geographic name SOUTH AFRICA
690 ## - LOCAL SUBJECT ADDED ENTRY--TOPICAL TERM (OCLC, RLIN)
Topical term or geographic name as entry element MANAGEMENT-BUSINESS MANAGEMENT-PROFESSIONAL PRACTICE
700 1# - ADDED ENTRY--PERSONAL NAME
Personal name Bowen, Paul
700 1# - ADDED ENTRY--PERSONAL NAME
Personal name Makanjee, Nita
700 1# - ADDED ENTRY--PERSONAL NAME
Personal name Akintoye, Akintola
700 1# - ADDED ENTRY--PERSONAL NAME
Personal name Evans, Kathleen
856 40 - ELECTRONIC LOCATION AND ACCESS
Uniform Resource Identifier <a href="https://www.rics.org/site/scripts/download_info.aspx?downloadID=2595">https://www.rics.org/site/scripts/download_info.aspx?downloadID=2595</a>
Public note View the item free of charge at www.rics.org...
942 ## - ADDED ENTRY ELEMENTS (KOHA)
Suppress in OPAC 0
Holdings
Withdrawn status Lost status Source of classification or shelving scheme Damaged status Not for loan Home library Current library Shelving location Date acquired Total Checkouts Full call number Barcode Date last seen Copy number Price effective from Koha item type
    Dewey Decimal Classification     Virtual Virtual Online 12/04/2007   ONLINE PUBLICATION 137515-1001 06/08/2019 1 06/08/2019 Book